000
00292nam a22001337a 4500
008
170321b xxu||||| |||| 00| 0 eng d
020
_a
9780781783835
041
_a
eng
080
_a
616.8
100
_a
7
101
_a
SHM
245
_a
ESSENTIAL NEUROSCIENCE
_c
SIEGEL.A
942
_2
udc
_c
BK
999
_c
8176
_d
8176